Wipe & clean workbook: (Record no. 8704)
[ view plain ]
| 000 -LEADER | |
|---|---|
| fixed length control field | 00985nam a22002177a 4500 |
| 001 - CONTROL NUMBER | |
| control field | 8704 |
| 003 - CONTROL NUMBER IDENTIFIER | |
| control field | FISKH |
| 005 - DATE AND TIME OF LATEST TRANSACTION | |
| control field | 20251013113410.0 |
| 008 - FIXED-LENGTH DATA ELEMENTS--GENERAL INFORMATION | |
| fixed length control field | 251013b cb ||||| |||| 00| 0 eng d |
| 020 ## - INTERNATIONAL STANDARD BOOK NUMBER | |
| International Standard Book Number | 9781849151542 |
| 040 ## - CATALOGING SOURCE | |
| Original cataloging agency | FISKH |
| Language of cataloging | eng |
| Transcribing agency | FISKH |
| Modifying agency | FISKH |
| 082 ## - DEWEY DECIMAL CLASSIFICATION NUMBER | |
| Classification number | 372.7 |
| 100 ## - MAIN ENTRY--PERSONAL NAME | |
| Personal name | Priddy, Roger |
| 245 ## - TITLE STATEMENT | |
| Title | Wipe & clean workbook: |
| Remainder of title | Numbers 1–20 / |
| 260 ## - PUBLICATION, DISTRIBUTION, ETC. | |
| Place of publication, distribution, etc. | London : |
| Name of publisher, distributor, etc. | Priddy Book, |
| Date of publication, distribution, etc. | 2010. |
| 300 ## - PHYSICAL DESCRIPTION | |
| Extent | 28 unnumbered pages : |
| Other physical details | color illustrations ; |
| Dimensions | 30 cm |
| 520 ## - SUMMARY, ETC. | |
| Summary, etc. | This interactive early learning workbook helps young children practice counting and writing numbers from 1 to 20. Each page is laminated for repeated use with a dry-erase marker, allowing kids to trace, wipe clean, and try again. Activities focus on number recognition, counting objects, sequencing, and fine motor skill development — ideal for preschool and kindergarten learners. |
| 650 ## - SUBJECT ADDED ENTRY--TOPICAL TERM | |
| Topical term or geographic name entry element | Early learning, |
| Form subdivision | Numbers, |
| General subdivision | Counting |
| Chronological subdivision | Preschool |
| 942 ## - ADDED ENTRY ELEMENTS (KOHA) | |
| Source of classification or shelving scheme | Dewey Decimal Classification |
| Koha item type | Books |
| Suppress in OPAC | No |
| Withdrawn status | Lost status | Source of classification or shelving scheme | Damaged status | Not for loan | Collection | Home library | Current library | Shelving location | Date acquired | Total Checkouts | Full call number | Barcode | Date last seen | Copy number | Price effective from | Koha item type |
|---|---|---|---|---|---|---|---|---|---|---|---|---|---|---|---|---|
| Dewey Decimal Classification | Reference | Footprints International School Library Network Toul Kork Campus | Footprints International School Library Network Toul Kork Campus | Librarian's Shelf TK | 10/13/2025 | PRI 372.7 | 2025-4546 | 10/13/2025 | 1 | 10/13/2025 | Books |
